| 000 | 00943nam a22002537a 4500 | ||
|---|---|---|---|
| 003 | 0 | ||
| 005 | 20250826155021.0 | ||
| 008 | 250819b xxu||||| |||| 00| 0 eng d | ||
| 020 | _a978-1-382-06066-0 | ||
| 050 |
_aTR IB N 85 _b.K38 2025 |
||
| 100 |
_aKatz, Nathaniel, _eauthor. |
||
| 245 |
_aVisual arts : _bcourse companion / _cNathaniel Katz, Jayson Paterson, and Simon Poppy. |
||
| 250 | _a2025 edition. | ||
| 260 |
_aOxford, United Kingdom : _bOxford University Press, _c2025. |
||
| 300 |
_aix, 191 pages : _bcolor illustrations ; _c28 cm. |
||
| 500 | _aOxford Resources for IB Diploma Programme. | ||
| 504 | _aIncludes bibliographical references and index. | ||
| 650 |
_aVisual arts _vStudy and teaching (Secondary) _vTextbooks. |
||
| 650 |
_aArt _vExaminations _vStudy guides. |
||
| 650 |
_aInternational Baccalaureate _vStudy guides. |
||
| 700 |
_aJayson Paterson, _eauthor. |
||
| 700 |
_aSimon Poppy, _eauthor. |
||
| 942 |
_2lcc _cBK |
||
| 999 |
_c367529 _d367529 |
||